LEADER 00747nam a2200181 i 4500 001 000000138831 003 CaOOAMICUS 005 20260317095550.0 008 050511s1932 gw u000 u ger u 040 $aSeMil$bita 245 10$a5: Staatssozialismus bis Zwischenkirchenrecht Nachträge. 300 $aX, 1796 col. :$bmit 55 Bildern und Kärtchen. 500 $aContiene : Verzeichnis der Mitarbeiter. 773 0 $tStaatslexikon.$dFreiburg im Breisgau : Herder, 1926-1932.$b5. von Grund aus Neubearbeitete Auflage.$gBand5$w()13454 850 $aSeMil 852 $aSeMil$W1$xVenegono$y1$B92272$CSeMilBibl$Z2$F97433 $8I 996 $6245$a5: Staatssozialismus bis Zwischenkirchenrecht Nachträge$9(OLS)http://semarc/title/202917